000
00324nam a2200121Ia 4500
008
220204s9999 xx 000 0 und d
082
_a
159.9
_b
COX
100
_a
Cox, David
245
0
_a
Modern psychology: The teachings of Carl Gustar Jung
260
_a
New York
_b
Barnes & Noble
_c
1968
650
_a
Psychology
942
_c
BK
999
_c
34091
_d
34091